| 000 | 00438nam a2200169 i 4500 | ||
|---|---|---|---|
| 001 | bg | ||
| 100 | 1 | _aBULAT, Vikentij L. | |
| 245 | 0 |
_aZjawiska optyczne w przyrodzie / _cWikientij L. Bułat. |
|
| 250 | _aWyd. 2. | ||
| 260 |
_aWarszawa : _bWydawnictwa Szkolne i Pedagogiczne, _c1987. |
||
| 700 | 1 | _aBUŁAT, Wikientij L. | |
| 040 | _cBPK | ||
| 041 | _apol | ||
| 080 | _a535 | ||
| 942 | _cKS | ||
| 008 | s pl f |000 0 pol | ||
| 999 |
_c3388 _d3388 |
||
| 856 |
_uhttp://koha.tu.koszalin.pl/cgi-bin/koha/opac-detail.pl?biblionumber=3388 _yKatalog online BPK |
||